000 01751nam0a2200313 4500
001 rc\4778306
005 20260407134516.0
010 _d11 к.
_9500
021 _aRU
_b[66-16145]
035 _a(NLR Aleph) 009027391
090 _a9467000
_c9467000
100 _a20130417d1966 |||y0rusy50 ca
101 0 _arus
102 _aRU
105 _ay j |||||
200 1 _aОрганизация колодочного хозяйства на обувных фабриках
_e[учебное пособие для слушателей факультетов усовершенствования и для студентов ВЗИТЛП]
_fП.С. Пушкин, С.И. Овчинников
_gМ-во высш. и сред. спец. образования РСФСР. Всесоюз. заоч. ин-т текстильной и легкой пром-сти. Фак. усовершенствования инженеров и руководящих работников легкой пром-сти
210 _aМосква
_d1966
215 _a17 с.
_d22
606 _aОбувные фабрики
_jУчебные издания для заочного обучения
_xКолодочное хозяйство
_91749737
_3RU\NLR\AUTH\66783712
686 1 _aМ550.23я728
700 1 _aПушкин
_bП. С.
_gПавел Семенович
701 1 _aОвчинников
_bС. И.
_gСемен Иванович
712 0 2 _4650
_aВсесоюзный заочный институт текстильной и легкой промышленности
_3RU\NLR\AUTH\8810001732
_9500663
801 0 _aRU
_bNLR
_gpsbo
801 1 _aRU
_bELAR
_2rusmarc
852 _aNLR
_j66-6/2494
942 _cBOOK
980 _aNB